Footballeur français professionnel - Statistiques

Statistiques générales
  • Ce quiz a été pris 73 fois
  • Le résultat moyen est 27 sur 30
Statistiques - réponses
Par images Réponse % Correct
Mbappé
100%
Dembélé
97%
Doué
97%
Pavard
97%
Rabiot
97%
Barcola
96%
Kanté
96%
Maignan
96%
Tchouaméni
96%
Camavinga
94%
Cherki
94%
Chevalier
94%
Hernandez
94%
Koundé
94%
Thauvin
94%
Coman
93%
Upamecano
93%
Digne
90%
Ekitike
90%
Saliba
90%
Thuram
90%
Olise
88%
Zaïre-Emery
88%
Kolo Muani
87%
Konate
84%
Akliouche
79%
Nkunku
79%
Mateta
76%
Gusto
74%
Kone
68%
Aucun quiz correspondant
Distribution des résultats
% des personnes avec chaque résultat
Percentile par nombre de réponses
Votre historique - résultats
Vous n’avez pas pris ce quiz